[Event "Hofheim Spring op-A 2nd"]
[Site "Hofheim"]
[Date "2014.04.23"]
[Round "3"]
[White "Zhou, Syang"]
[Black "Krivonosov, Oleg"]
[Result "0-1"]
[WhiteElo "2211"]
[BlackElo "2444"]
[PlyCount "34"]
[EventDate "2014.04.22"]
[EventType "swiss"]
[EventRounds "9"]
[EventCountry "GER"]
[SourceTitle "CBM 160 Extra"]
[Source "ChessBase"]
[SourceDate "2014.07.01"]
[SourceVersion "1"]
[SourceVersionDate "2014.07.01"]
[SourceQuality "1"]

1. b3 d5 2. Bb2 Nf6 3. Nf3 e6 4. e3 Be7 5. d4 0-0 6. Bd3 c5 7. dxc5 Bxc5 8. Nbd2 b6 9. Qe2 Bb7 10. 0-0-0 Nc6 11. g4 Nb4 12. g5 Nd7 13. Rhg1 Nxd3+ 14. Qxd3 Re8 15. Ne4 dxe4 16. Qxd7 Qxd7 17. Rxd7 Bc8 0-1

[Event "GER-ch Net qual2 U25"]
[Site "Playchess.com INT"]
[Date "2011.05.04"]
[Round "1"]
[White "Schnoor, Ekkehard"]
[Black "Zhou, Syang"]
[Result "1/2-1/2"]
[WhiteElo "1924"]
[BlackElo "2234"]
[PlyCount "93"]
[EventDate "2011.05.04"]
[EventType "swiss (blitz)"]
[EventRounds "7"]
[EventCountry "GER"]
[SourceTitle "CBM 142 Extra"]
[Source "ChessBase"]
[SourceDate "2011.06.27"]
[SourceVersion "1"]
[SourceVersionDate "2011.06.27"]
[SourceQuality "1"]

1. e4 c5 2. Nf3 Nc6 3. d4 cxd4 4. Nxd4 Nf6 5. Nc3 e5 6. Ndb5 Bb4 7. a3 Bxc3+ 8. Nxc3 0-0 9. Bc4 Nd4 10. Bg5 h6 11. Bxf6 Qxf6 12. 0-0 d6 13. Nd5 Qd8 14. c3 Nc6 15. Qe2 Be6 16. Ne3 Bxc4 17. Qxc4 Rc8 18. Rad1 Qb6 19. Qe2 Ne7 20. Rd2 Rfd8 21. Rfd1 Qb3 22. Qd3 g6 23. h3 a6 24. Qc2 Qxc2 25. Nxc2 Rc4 26. f3 f5 27. exf5 Nxf5 28. Kf2 Rf8 29. Ne3 Rf4 30. Nxf5 R4xf5 31. Rxd6 e4 32. Rxg6+ Kh7 33. Rdd6 h5 34. Rh6+ Kg7 35. Rdg6+ Kf7 36. Rb6 exf3 37. Rxb7+ Kg8 38. gxf3 Rxf3+ 39. Ke2 Rf2+ 40. Kd3 R8f3+ 41. Kc4 Rxh3 42. Rxa6 Rf8 43. Rg6+ Kh8 44. Rh6+ Kg8 45. Rg6+ Kh8 46. Rh6+ Kg8 47. Rg6+ 1/2-1/2

[Event "Oberliga Wuerttemberg 1011"]
[Site "Wuerttemberg"]
[Date "2011.01.23"]
[Round "5"]
[White "Zhou, Syang"]
[Black "Weiss, Andreas"]
[Result "0-1"]
[WhiteElo "2229"]
[BlackElo "2237"]
[PlyCount "64"]
[EventDate "2010.09.26"]
[EventType "team-tourn"]
[EventRounds "9"]
[EventCountry "GER"]
[SourceTitle "EXT 2019"]
[Source "ChessBase"]
[SourceDate "2018.10.10"]
[SourceVersion "1"]
[SourceVersionDate "2018.10.10"]
[SourceQuality "1"]
[WhiteTeam "Deizisau"]
[BlackTeam "Schwaebisch Gmuend"]
[WhiteTeamCountry "GER"]
[BlackTeamCountry "GER"]

1. a3 e5 2. c4 d6 3. Nc3 g6 4. d4 Nc6 5. Nf3 exd4 6. Nxd4 Bg7 7. Nxc6 bxc6 8. g3 Ne7 9. Bg2 0-0 10. 0-0 Bd7 11. Qd2 a5 12. c5 d5 13. Rd1 Be6 14. Qf4 Qc8 15. Qa4 Qb7 16. Bg5 Rfe8 17. Rab1 h6 18. Bf4 d4 19. Ne4 Bb3 20. Qxd4 Bxd4 21. Rxd4 Nd5 22. Bxh6 f5 23. Ng5 Rxe2 24. Bf3 Re7 25. h4 Rae8 26. h5 Bc2 27. Rf1 Be4 28. hxg6 Qxb2 29. Rxd5 Bxd5 30. Bh5 Re1 31. Nh7 Rxf1+ 32. Kxf1 Qa1+ 0-1

[Event "Wuerttemberg-ch MT"]
[Site "Stuttgart"]
[Date "2010.09.04"]
[Round "8"]
[White "Zhou, Syang"]
[Black "Meschke, Andreas"]
[Result "1/2-1/2"]
[WhiteElo "2229"]
[BlackElo "2147"]
[PlyCount "99"]
[EventDate "2010.08.28"]
[EventType "swiss"]
[EventRounds "9"]
[EventCountry "GER"]
[SourceTitle "EXT 2017"]
[Source "ChessBase"]
[SourceDate "2016.10.25"]
[SourceVersion "1"]
[SourceVersionDate "2016.10.25"]
[SourceQuality "1"]

1. e4 e5 2. Nf3 Nc6 3. Bb5 a6 4. Ba4 Nf6 5. 0-0 Be7 6. Re1 b5 7. Bb3 d6 8. c3 0-0 9. h3 Nb8 10. d4 Nbd7 11. Nbd2 c5 12. d5 Re8 13. a4 Nb6 14. Qe2 Bd7 15. a5 Nc8 16. Bc2 Bf8 17. b4 c4 18. Nf1 g6 19. Ng3 h6 20. Be3 Bg7 21. Qd2 Kh7 22. Nh2 Ng8 23. Rf1 Rf8 24. f4 f6 25. Rf2 Nce7 26. Raf1 Qc7 27. Bd1 Rae8 28. fxe5 fxe5 29. Bg4 Nf6 30. Bxd7 Qxd7 31. Qe2 Neg8 32. Bd2 Qe7 33. Qe3 Rb8 34. Ne2 Ne8 35. g4 Rxf2 36. Qxf2 Rb7 37. g5 hxg5 38. Nf3 Bh6 39. Qg3 Nef6 40. Nxg5+ Bxg5 41. Bxg5 Kg7 42. Qh4 Qf7 43. Ng3 Rb8 44. Kh2 Rf8 45. Rg1 Qd7 46. Nf5+ Kf7 47. Qh8 gxf5 48. Bh4 Ke8 49. Rg7 Qd8 50. Ra7 1/2-1/2

[Event "Wuerttemberg-ch MT"]
[Site "Stuttgart"]
[Date "2010.09.01"]
[Round "5"]
[White "Zhou, Syang"]
[Black "Krassowizkij, Jaroslaw"]
[Result "1/2-1/2"]
[WhiteElo "2229"]
[BlackElo "2244"]
[PlyCount "42"]
[EventDate "2010.08.28"]
[EventType "swiss"]
[EventRounds "9"]
[EventCountry "GER"]
[SourceTitle "EXT 2017"]
[Source "ChessBase"]
[SourceDate "2016.10.25"]
[SourceVersion "1"]
[SourceVersionDate "2016.10.25"]
[SourceQuality "1"]

1. e4 e6 2. d4 d5 3. Nc3 Bb4 4. e5 c5 5. a3 Bxc3+ 6. bxc3 Ne7 7. Nf3 b6 8. Bd3 Ba6 9. 0-0 Bxd3 10. cxd3 0-0 11. a4 Nec6 12. Ba3 Nd7 13. Rc1 Qb8 14. c4 dxc4 15. Rxc4 Rc8 16. Re1 Na5 17. Rc1 cxd4 18. Nxd4 Rxc1 19. Bxc1 Qb7 20. Bd2 Qd5 21. Nb5 Rd8 1/2-1/2

[Event "Wuerttemberg-ch MT"]
[Site "Stuttgart"]
[Date "2010.08.30"]
[Round "3"]
[White "Gabriel, Robert A"]
[Black "Zhou, Syang"]
[Result "0-1"]
[WhiteElo "2171"]
[BlackElo "2229"]
[PlyCount "106"]
[EventDate "2010.08.28"]
[EventType "swiss"]
[EventRounds "9"]
[EventCountry "GER"]
[SourceTitle "EXT 2017"]
[Source "ChessBase"]
[SourceDate "2016.10.25"]
[SourceVersion "1"]
[SourceVersionDate "2016.10.25"]
[SourceQuality "1"]

1. d4 Nf6 2. c4 g6 3. Nc3 Bg7 4. e4 d6 5. f4 c5 6. Nf3 cxd4 7. Nxd4 Nc6 8. Be2 Nxe4 9. Nxc6 Nxc3 10. Nxd8 Nxd1 11. Nxf7 Kxf7 12. Kxd1 Be6 13. Be3 b6 14. Kc2 Rhc8 15. Rac1 Bxc4 16. Bxc4+ Rxc4+ 17. Kb3 Re4 18. Rhe1 a5 19. Bd2 a4+ 20. Ka3 Rd4 21. Bc3 Rd3 22. Red1 Rxd1 23. Rxd1 Bxc3 24. bxc3 Rc8 25. Kb4 Ke6 26. Re1+ Kf6 27. Re3 e5 28. fxe5+ dxe5 29. Kxa4 Ra8+ 30. Kb3 Kf5 31. Rf3+ Ke6 32. Rh3 Ra7 33. Rh4 Kf5 34. Rb4 e4 35. Rb5+ Kf4 36. Rxb6 Ke3 37. a4 Kf2 38. g3 Rf7 39. a5 e3 40. Re6 e2 41. a6 e1Q 42. Rxe1 Kxe1 43. Kb4 Kd2 44. c4 Kd3 45. Kb5 Kd4 46. Kb6 Kxc4 47. a7 Rf8 48. Kb7 Kd4 49. a8Q Rxa8 50. Kxa8 Ke4 51. Kb7 Kf3 52. Kc6 Kg2 53. Kd5 Kxh2 0-1

[Event "Wuerttemberg-ch MT"]
[Site "Stuttgart"]
[Date "2010.08.29"]
[Round "2"]
[White "Zhou, Syang"]
[Black "Kabisch, Thilo"]
[Result "1/2-1/2"]
[WhiteElo "2229"]
[BlackElo "2333"]
[PlyCount "126"]
[EventDate "2010.08.28"]
[EventType "swiss"]
[EventRounds "9"]
[EventCountry "GER"]
[SourceTitle "EXT 2017"]
[Source "ChessBase"]
[SourceDate "2016.10.25"]
[SourceVersion "1"]
[SourceVersionDate "2016.10.25"]
[SourceQuality "1"]

1. e4 c5 2. Nf3 Nc6 3. d4 cxd4 4. Nxd4 e5 5. Nb5 d6 6. N1c3 a6 7. Na3 Be7 8. Nc4 Be6 9. Be3 Nf6 10. Be2 0-0 11. Nb6 Rb8 12. 0-0 Kh8 13. Nbd5 Nd7 14. Qd2 f5 15. exf5 Bxf5 16. Nxe7 Qxe7 17. Rad1 Nb4 18. Qxd6 Qxd6 19. Rxd6 Nf6 20. Bc5 Nxc2 21. Rb6 Nd7 22. Bxf8 Nxb6 23. Bd6 Re8 24. Bf3 Nc4 25. Ne4 Rc8 26. b3 Bxe4 27. bxc4 Bxf3 28. gxf3 Nd4 29. Rb1 Nxf3+ 30. Kg2 Nd2 31. Rxb7 Nxc4 32. Bb4 h5 33. Kf3 a5 34. Be7 Nd2+ 35. Ke2 Ne4 36. Ra7 Nc3+ 37. Kd3 e4+ 38. Ke3 a4 39. a3 Kg8 40. Bb4 Rc4 41. Bxc3 Rxc3+ 42. Kxe4 Rxa3 43. Kf5 Kh7 44. h4 Ra2 45. Kg5 Rxf2 46. Kxh5 Ra2 47. Kg4 a3 48. Ra6 Ra1 49. Kg3 g6 50. Ra7+ Kh6 51. Ra5 Kg7 52. Kh2 Kf6 53. Kg2 Ke6 54. Kh2 Ra2+ 55. Kh3 Kd6 56. Ra6+ Kc5 57. Rxg6 Rd2 58. Ra6 Rd3+ 59. Kg4 Kb5 60. Ra8 Rd4+ 61. Kg5 Ra4 62. Rb8+ Kc5 63. Rb1 a2 1/2-1/2

[Event "Pardubice Czech op-A 21st"]
[Site "Pardubice"]
[Date "2010.07.24"]
[Round "2"]
[White "Jovanovic, Zoran"]
[Black "Zhou, Syang"]
[Result "1-0"]
[WhiteElo "2518"]
[BlackElo "2229"]
[PlyCount "49"]
[EventDate "2010.07.23"]
[EventType "swiss"]
[EventRounds "9"]
[EventCountry "CZE"]
[SourceTitle "CBM 137 Extra"]
[Source "ChessBase"]
[SourceDate "2010.09.01"]
[SourceVersion "1"]
[SourceVersionDate "2010.09.01"]
[SourceQuality "1"]

1. e4 c5 2. Nc3 Nc6 3. Bb5 Nd4 4. Bc4 d6 5. Nge2 Nxe2 6. Qxe2 e6 7. 0-0 Be7 8. f4 Nf6 9. e5 dxe5 10. fxe5 Nd7 11. b3 Qc7 12. Nb5 Qb8 13. Bb2 0-0 14. Rae1 a6 15. Nd6 Bxd6 16. exd6 Qxd6 17. Qg4 e5 18. Qh5 Qg6 19. Qxg6 hxg6 20. Bxe5 Nxe5 21. Rxe5 Bf5 22. Rxc5 Rad8 23. Rf2 Bxc2 24. Rc7 Be4 25. Bxf7+ 1-0

[Event "Pardubice Czech op-A 21st"]
[Site "Pardubice"]
[Date "2010.07.23"]
[Round "1"]
[White "Zhou, Syang"]
[Black "Pileckis, Emilis"]
[Result "0-1"]
[WhiteElo "2229"]
[BlackElo "2438"]
[PlyCount "84"]
[EventDate "2010.07.23"]
[EventType "swiss"]
[EventRounds "9"]
[EventCountry "CZE"]
[SourceTitle "CBM 137 Extra"]
[Source "ChessBase"]
[SourceDate "2010.09.01"]
[SourceVersion "1"]
[SourceVersionDate "2010.09.01"]
[SourceQuality "1"]

1. e4 c5 2. Nf3 Nc6 3. Bb5 g6 4. 0-0 Bg7 5. d3 Qb6 6. Nc3 a6 7. Nd5 Qd8 8. Bxc6 bxc6 9. Ne3 Nf6 10. e5 Nd5 11. Nc4 0-0 12. Bd2 f6 13. Ba5 Qe8 14. exf6 Bxf6 15. Re1 Qf7 16. Nce5 Qg7 17. Qd2 d6 18. c4 Bxe5 19. Nxe5 Nf4 20. Nxc6 e5 21. b4 Qb7 22. b5 axb5 23. cxb5 Qxb5 24. Ne7+ Kf7 25. Nxc8 Rfxc8 26. g3 Qxa5 27. Qxa5 Nh3+ 28. Kg2 Rxa5 29. Kxh3 Rca8 30. f4 exf4 31. Rf1 Rxa2 32. Rxf4+ Ke6 33. Re1+ Kd5 34. Rf7 R8a7 35. Rxa7 Rxa7 36. Kg4 Kd4 37. Kg5 d5 38. Rd1 Rf7 39. g4 Ke3 40. h4 d4 41. Kh6 Ke2 42. Rc1 Rc7 0-1

[Event "GER-ch U18"]
[Site "Oberhof"]
[Date "2010.05.26"]
[Round "6"]
[White "Guennigmann, Manuel"]
[Black "Zhou, Syang"]
[Result "1-0"]
[WhiteElo "2181"]
[BlackElo "2206"]
[PlyCount "101"]
[EventDate "2010.05.22"]
[EventType "swiss"]
[EventRounds "9"]
[EventCountry "GER"]
[SourceTitle "CBM 136 Extra"]
[Source "ChessBase"]
[SourceDate "2010.07.02"]
[SourceVersion "2"]
[SourceVersionDate "2010.07.15"]
[SourceQuality "1"]

1. e4 e5 2. Nf3 Nc6 3. Bb5 a6 4. Ba4 Nf6 5. 0-0 Be7 6. Re1 b5 7. Bb3 d6 8. c3 0-0 9. d4 Bg4 10. d5 Na5 11. Bc2 c6 12. h3 Bc8 13. dxc6 Qc7 14. Nbd2 Qxc6 15. Nf1 Re8 16. Ne3 Nc4 17. Nxc4 bxc4 18. Ba4 Qc7 19. Bxe8 Nxe8 20. Bg5 Bf8 21. Nd2 Qc6 22. Qe2 Be6 23. Rec1 h6 24. Be3 Nf6 25. b3 cxb3 26. axb3 Nxe4 27. Nxe4 Qxe4 28. Ra4 Qg6 29. Qf3 Rc8 30. c4 Qd3 31. Qd1 Qxd1+ 32. Rxd1 Rb8 33. Rxa6 Rxb3 34. Ra8 g5 35. Rxd6 Kg7 36. Rdd8 Be7 37. Re8 Kf6 38. c5 Rb7 39. Rh8 Rc7 40. Rxh6+ Kg7 41. Rxe6 fxe6 42. Ra4 Kf6 43. Rc4 e4 44. c6 Ke5 45. Bb6 Rc8 46. c7 Bd6 47. Kf1 Kd5 48. Rc1 e5 49. Ke2 Ke6 50. Ke3 Kd5 51. g3 1-0

[Event "GER-ch U18"]
[Site "Oberhof"]
[Date "2010.05.23"]
[Round "2"]
[White "Strunski, Andreas"]
[Black "Zhou, Syang"]
[Result "1/2-1/2"]
[WhiteElo "2378"]
[BlackElo "2206"]
[PlyCount "70"]
[EventDate "2010.05.22"]
[EventType "swiss"]
[EventRounds "9"]
[EventCountry "GER"]
[SourceTitle "CBM 136 Extra"]
[Source "ChessBase"]
[SourceDate "2010.07.02"]
[SourceVersion "2"]
[SourceVersionDate "2010.07.15"]
[SourceQuality "1"]

1. d4 Nf6 2. c4 g6 3. Nc3 Bg7 4. e4 d6 5. Nge2 Nbd7 6. f3 c5 7. d5 Ne5 8. Ng3 h5 9. Be2 h4 10. Nf1 e6 11. Bg5 Qa5 12. Nd2 exd5 13. cxd5 h3 14. g3 a6 15. a4 Qb4 16. Qc2 Qa5 17. Ra3 Nh7 18. Be3 0-0 19. 0-0 f5 20. f4 Nf7 21. Nc4 Qd8 22. Bd3 Nh6 23. e5 Ng4 24. e6 Nxe3 25. Nxe3 Bd4 26. Rf3 Nf6 27. Kf1 b6 28. Bxf5 gxf5 29. Qxf5 Ra7 30. Ne4 Rg7 31. Ng5 Qe7 32. Ng4 Nxg4 33. Qxg4 Bf6 34. Qxh3 Bxg5 35. fxg5 Bb7 1/2-1/2

[Event "Stuttgart-ch"]
[Site "Stuttgart"]
[Date "2010.05.16"]
[Round "7"]
[White "Zhou, Syang"]
[Black "Vuckovic, Aleksandar"]
[Result "1/2-1/2"]
[WhiteElo "2233"]
[BlackElo "2324"]
[PlyCount "80"]
[EventDate "2010.05.13"]
[EventType "swiss"]
[EventRounds "7"]
[EventCountry "GER"]
[SourceTitle "CBM 136 Extra"]
[Source "ChessBase"]
[SourceDate "2010.07.02"]
[SourceVersion "2"]
[SourceVersionDate "2010.07.15"]
[SourceQuality "1"]

1. e4 c5 2. Nf3 d6 3. d4 cxd4 4. Nxd4 Nf6 5. Nc3 g6 6. Be3 Bg7 7. f3 a6 8. Qd2 b5 9. Bh6 Bxh6 10. Qxh6 Bb7 11. 0-0-0 Nbd7 12. h4 Qb6 13. Be2 0-0-0 14. Qd2 h5 15. Kb1 Kb8 16. Nb3 b4 17. Na4 Qf2 18. Na5 Nc5 19. Nxb7 Nxb7 20. Bxa6 Qa7 21. Bxb7 Qxb7 22. Qd4 Nd7 23. Rd3 Ne5 24. Rb3 Nc6 25. Qb6 e6 26. a3 Qxb6 27. Nxb6 Kc7 28. Nc4 bxa3 29. Nxa3 Nd4 30. Nb5+ Nxb5 31. Rxb5 Ra8 32. c3 Ra4 33. Kc2 Kc6 34. Rb4 Rxb4 35. cxb4 f5 36. Ra1 fxe4 37. fxe4 Rf8 38. Ra6+ Kc7 39. Kc3 Rf2 40. g3 Re2 1/2-1/2

[Event "Stuttgart-chA int"]
[Site "Ditzingen"]
[Date "2010.05.15"]
[Round "6"]
[White "Donchenko, Alexander"]
[Black "Zhou, Syang"]
[Result "1/2-1/2"]
[WhiteElo "2094"]
[BlackElo "2206"]
[PlyCount "62"]
[EventDate "2010.05.13"]
[EventType "swiss"]
[EventRounds "7"]
[EventCountry "GER"]
[SourceTitle "EXT 2018"]
[Source "ChessBase"]
[SourceDate "2017.10.13"]
[SourceVersion "1"]
[SourceVersionDate "2017.10.13"]
[SourceQuality "1"]

1. d4 Nf6 2. Nf3 g6 3. g3 Bg7 4. Bg2 c5 5. c4 0-0 6. 0-0 cxd4 7. Nxd4 Nc6 8. Nc3 Nxd4 9. Qxd4 d6 10. Qd3 Nd7 11. b3 Nc5 12. Qd2 Rb8 13. Bb2 Be6 14. Rfd1 a6 15. Ne4 Nxe4 16. Bxe4 Bxb2 17. Qxb2 Qa5 18. Rac1 Rfc8 19. Bd5 b5 20. Bxe6 fxe6 21. c5 Rxc5 22. Rxc5 dxc5 23. Qe5 Qb6 24. Rd7 Re8 25. Rc7 Qd6 26. Qxc5 Qd1+ 27. Kg2 Qxe2 28. Rxe7 Qe4+ 29. Kh3 Rxe7 30. Qxe7 Qf5+ 31. Kg2 Qd5+ 1/2-1/2

[Event "Stuttgart-chA int"]
[Site "Ditzingen"]
[Date "2010.05.15"]
[Round "5"]
[White "Zhou, Syang"]
[Black "Osmanovic, Faruk"]
[Result "1-0"]
[WhiteElo "2206"]
[BlackElo "2104"]
[PlyCount "67"]
[EventDate "2010.05.13"]
[EventType "swiss"]
[EventRounds "7"]
[EventCountry "GER"]
[SourceTitle "EXT 2018"]
[Source "ChessBase"]
[SourceDate "2017.10.13"]
[SourceVersion "1"]
[SourceVersionDate "2017.10.13"]
[SourceQuality "1"]

1. e4 c5 2. Nf3 d6 3. d4 cxd4 4. Nxd4 Nf6 5. Nc3 a6 6. h3 e6 7. g4 Be7 8. Bg2 Nfd7 9. Be3 Nc6 10. 0-0 0-0 11. Qe2 Qc7 12. Rad1 Nxd4 13. Bxd4 b5 14. e5 Rb8 15. exd6 Bxd6 16. Ne4 Bh2+ 17. Kh1 Bb7 18. Qd2 Be5 19. Rfe1 Rfd8 20. Qg5 Bxe4 21. Bxe4 Bxd4 22. Rxd4 Nf6 23. Rxd8+ Rxd8 24. Bd3 Qa5 25. Rd1 Rd5 26. Qf4 e5 27. Qe3 Qd8 28. g5 Nh5 29. Bxh7+ Kh8 30. Rxd5 Qxd5+ 31. Be4 Qd6 32. Qa7 Kg8 33. Qa8+ Qf8 34. Bh7+ 1-0

[Event "Stuttgart-ch"]
[Site "Stuttgart"]
[Date "2010.05.14"]
[Round "4"]
[White "Dobosz, Henryk"]
[Black "Zhou, Syang"]
[Result "1-0"]
[WhiteElo "2395"]
[BlackElo "2233"]
[PlyCount "57"]
[EventDate "2010.05.13"]
[EventType "swiss"]
[EventRounds "7"]
[EventCountry "GER"]
[SourceTitle "CBM 136 Extra"]
[Source "ChessBase"]
[SourceDate "2010.07.02"]
[SourceVersion "2"]
[SourceVersionDate "2010.07.15"]
[SourceQuality "1"]

1. d4 Nf6 2. c4 g6 3. Nc3 Bg7 4. e4 d6 5. h3 0-0 6. Be3 e5 7. d5 c6 8. Nf3 a6 9. Nd2 Ne8 10. c5 f5 11. cxd6 Nxd6 12. Nc4 Nxc4 13. Bxc4 Kh8 14. h4 Nd7 15. dxc6 bxc6 16. h5 f4 17. hxg6 h6 18. Bd2 Qg5 19. Qh5 Qxg2 20. 0-0-0 Nf6 21. Qxe5 Ng4 22. Qg5 Qxf2 23. Rdf1 Qg2 24. Qc5 Bd7 25. Rfg1 Qf2 26. Qe7 Nh2 27. Nd1 Qd4 28. Bc3 Qxc4 29. Qxg7# 1-0

[Event "Stuttgart-chA int"]
[Site "Ditzingen"]
[Date "2010.05.13"]
[Round "2"]
[White "Gibicar, Danijel"]
[Black "Zhou, Syang"]
[Result "0-1"]
[WhiteElo "1965"]
[BlackElo "2206"]
[PlyCount "60"]
[EventDate "2010.05.13"]
[EventType "swiss"]
[EventRounds "7"]
[EventCountry "GER"]
[SourceTitle "EXT 2018"]
[Source "ChessBase"]
[SourceDate "2017.10.13"]
[SourceVersion "1"]
[SourceVersionDate "2017.10.13"]
[SourceQuality "1"]

1. d4 Nf6 2. c4 g6 3. g3 Bg7 4. Bg2 0-0 5. Nc3 d6 6. Nf3 c6 7. 0-0 Nbd7 8. e4 e5 9. Be3 Ng4 10. Qd2 Nxe3 11. fxe3 exd4 12. exd4 c5 13. Rad1 cxd4 14. Nxd4 Ne5 15. b3 Bg4 16. Nf3 Re8 17. Nb5 Qb6+ 18. Qf2 Bxf3 19. Qxb6 axb6 20. Bxf3 Rxa2 21. Rxd6 Bf8 22. Rd5 Bc5+ 23. Rxc5 bxc5 24. Nc3 Rb2 25. Nd5 Kg7 26. Bd1 Ra8 27. Nc3 Ra1 28. h4 h5 29. Na4 Rd2 30. Nc3 Rd3 0-1

[Event "Bodensee-Cup"]
[Site "Friedrichshafen"]
[Date "2010.05.07"]
[Round "1.12"]
[White "Mons, Leon"]
[Black "Zhou, Syang"]
[Result "0-1"]
[WhiteElo "2167"]
[BlackElo "2206"]
[PlyCount "102"]
[EventDate "2010.05.07"]
[EventType "team-tourn"]
[EventRounds "3"]
[EventCountry "GER"]
[SourceTitle "EXT 2024"]
[Source "ChessBase"]
[SourceDate "2023.10.10"]
[SourceVersion "1"]
[SourceVersionDate "2023.10.10"]
[SourceQuality "1"]
[WhiteTeam "Bayern"]
[BlackTeam "Wuerttemberg"]
[WhiteTeamCountry "GER"]
[BlackTeamCountry "GER"]

1. e4 c5 2. Nf3 d6 3. Bb5+ Bd7 4. Bxd7+ Qxd7 5. c4 Nc6 6. d4 cxd4 7. Nxd4 Nf6 8. Nc3 g6 9. h3 Bg7 10. Be3 0-0 11. 0-0 Rfc8 12. b3 Nxd4 13. Bxd4 e5 14. Be3 b5 15. Nxb5 Nxe4 16. Qd5 a6 17. Nxd6 Nxd6 18. Rad1 Rc6 19. c5 Bf8 20. cxd6 Qxd6 21. Qxd6 Bxd6 22. Rd5 a5 23. Rfd1 Bc7 24. a4 Rc3 25. Rb5 f5 26. Bb6 Bxb6 27. Rxb6 Ra7 28. Rd5 e4 29. Re5 Kg7 30. h4 Rc1+ 31. Kh2 Rf1 32. h5 Rxf2 33. hxg6 hxg6 34. Ree6 Kf8 35. Rxg6 f4 36. Rgf6+ Rf7 37. Rb8+ Kg7 38. Rxf7+ Kxf7 39. Kg1 Rb2 40. Rb5 Kf6 41. Kf1 e3 42. Rxa5 Rb1+ 43. Ke2 Rg1 44. g4 Rxg4 45. Kf3 Rg1 46. Rh5 Rf1+ 47. Ke2 Rf2+ 48. Kd3 Rd2+ 49. Kc3 Rd8 50. Rh3 e2 51. Rh1 Rd1 0-1

[Event "Deizisau op 4th"]
[Site "Deizisau"]
[Date "2009.10.31"]
[Round "5"]
[White "Gheng, Josef"]
[Black "Zhou, Syang"]
[Result "1/2-1/2"]
[WhiteElo "2338"]
[BlackElo "2148"]
[PlyCount "46"]
[EventDate "2009.10.29"]
[EventType "swiss"]
[EventRounds "7"]
[EventCountry "GER"]
[SourceTitle "EXT 2010"]
[Source "ChessBase"]
[SourceDate "2010.11.25"]
[SourceVersion "1"]
[SourceVersionDate "2010.11.25"]
[SourceQuality "1"]

1. e4 c5 2. Nf3 d6 3. d4 cxd4 4. Nxd4 Nf6 5. Nc3 g6 6. Bc4 Bg7 7. f3 0-0 8. Be3 Nc6 9. Qd2 Bd7 10. 0-0-0 Ne5 11. Bb3 Rc8 12. h4 h5 13. Bh6 Nc4 14. Bxc4 Rxc4 15. Bxg7 Kxg7 16. g4 hxg4 17. h5 Rh8 18. hxg6 fxg6 19. e5 dxe5 20. Nb3 gxf3 21. Qe3 Rxh1 22. Rxh1 Rf4 23. Qxe5 Rf5 1/2-1/2

[Event "Pardubice op-B"]
[Site "Pardubice"]
[Date "2009.07.29"]
[Round "6"]
[White "Tolstikh, Nikolay"]
[Black "Zhou, Syang"]
[Result "1-0"]
[WhiteElo "2374"]
[BlackElo "2148"]
[PlyCount "88"]
[EventDate "2009.07.24"]
[EventType "swiss"]
[EventRounds "9"]
[EventCountry "CZE"]
[SourceTitle "CBM 131 Extra"]
[Source "ChessBase"]
[SourceDate "2009.09.03"]
[SourceVersion "2"]
[SourceVersionDate "2009.09.16"]
[SourceQuality "1"]

1. Nf3 Nf6 2. c4 g6 3. Nc3 Bg7 4. e4 d6 5. d4 0-0 6. Be2 e5 7. dxe5 dxe5 8. Qxd8 Rxd8 9. Bg5 Re8 10. Nd5 Nxd5 11. cxd5 c6 12. Bc4 cxd5 13. Bxd5 Nd7 14. Nd2 Nc5 15. Be3 Nd3+ 16. Ke2 Nf4+ 17. Bxf4 exf4 18. Kf3 Be6 19. Nc4 Bxd5 20. exd5 Red8 21. Rad1 Rac8 22. b3 Rc5 23. d6 Rc6 24. a4 Bf8 25. Rd5 f6 26. Rhd1 b6 27. Kxf4 Kf7 28. g4 h6 29. h4 Ke6 30. Ke4 Rc5 31. Rxc5 bxc5 32. Rd5 Bxd6 33. Nxd6 Rxd6 34. Rxc5 Rb6 35. Rb5 f5+ 36. gxf5+ gxf5+ 37. Kd4 Rd6+ 38. Ke3 Rd1 39. Rb7 Rh1 40. Rxa7 Rxh4 41. Rb7 Kd5 42. Rb5+ Ke6 43. a5 Rh1 44. b4 f4+ 1-0

[Event "Pardubice op-B"]
[Site "Pardubice"]
[Date "2009.07.28"]
[Round "5"]
[White "Zhou, Syang"]
[Black "Golcman, Evgeny"]
[Result "1/2-1/2"]
[WhiteElo "2148"]
[BlackElo "2304"]
[PlyCount "46"]
[EventDate "2009.07.24"]
[EventType "swiss"]
[EventRounds "9"]
[EventCountry "CZE"]
[SourceTitle "CBM 131 Extra"]
[Source "ChessBase"]
[SourceDate "2009.09.03"]
[SourceVersion "2"]
[SourceVersionDate "2009.09.16"]
[SourceQuality "1"]

1. e4 e5 2. Nf3 Nc6 3. Bb5 Nd4 4. Bc4 d6 5. Nxd4 exd4 6. c3 Nf6 7. d3 dxc3 8. Nxc3 Be7 9. 0-0 0-0 10. Bg5 c6 11. Re1 h6 12. Bh4 Nd7 13. Bxe7 Qxe7 14. d4 Nb6 15. Bb3 Be6 16. d5 Bd7 17. e5 cxd5 18. Nxd5 Nxd5 19. Qxd5 dxe5 20. Rxe5 Qf6 21. Rae1 Bc6 22. Qc5 Rae8 23. Rxe8 Rxe8 1/2-1/2

[Event "GER-ch Net final U18"]
[Site "Playchess.com INT"]
[Date "2009.06.21"]
[Round "3"]
[White "Zhou, Syang"]
[Black "Bogenschuetze, Paul Max"]
[Result "0-1"]
[WhiteElo "2090"]
[BlackElo "2174"]
[PlyCount "52"]
[EventDate "2009.06.21"]
[EventType "swiss (blitz)"]
[EventRounds "9"]
[EventCountry "GER"]
[SourceTitle "CBM 130 Extra"]
[Source "ChessBase"]
[SourceDate "2009.07.02"]
[SourceVersion "2"]
[SourceVersionDate "2009.07.15"]
[SourceQuality "1"]

1. e4 c5 2. Nf3 d6 3. d4 cxd4 4. Nxd4 Nf6 5. Nc3 Nc6 6. Be2 e5 7. Nf3 Be7 8. Bg5 Be6 9. 0-0 0-0 10. Re1 Qb6 11. b3 Rfd8 12. Bxf6 Bxf6 13. a4 Rac8 14. Qd2 Nd4 15. Nxd4 exd4 16. Nd5 Bxd5 17. exd5 d3 18. Bxd3 Bxa1 19. Rxa1 Re8 20. a5 Qc5 21. h3 g6 22. Ra4 Qxd5 23. Qh6 Re1+ 24. Kh2 Qe5+ 25. g3 Qd5 26. g4 Qf3 0-1